[Event "EU Small Countries ol 8th"]
[Site "St Helier"]
[Date "2023.11.02"]
[Round "7.1"]
[White "Bagheri, Amir"]
[Black "Kirby, Peter J"]
[Result "1/2-1/2"]
[WhiteElo "2388"]
[BlackElo "1976"]
[PlyCount "84"]
[EventDate "2023.10.29"]
[EventType "team-tourn"]
[EventRounds "9"]
[EventCountry "GCI"]
[SourceTitle "Mega2024 Update 01"]
[Source "Chessbase"]
[SourceDate "2023.11.12"]
[SourceVersion "1"]
[SourceVersionDate "2023.11.12"]
[SourceQuality "1"]
[WhiteTeam "Monaco"]
[BlackTeam "Guernsey"]
[WhiteTeamCountry "MNC"]
[BlackTeamCountry "GCI"]

1. d4 Nf6 2. Nf3 g6 3. Bg5 Bg7 4. Nbd2 0-0 5. e4 d5 6. Bxf6 exf6 7. exd5 Qxd5 8. Be2 c5 9. dxc5 Qxc5 10. 0-0 Bf5 11. c3 Nc6 12. Nb3 Qb6 13. Nfd4 Rad8 14. Qc1 Be4 15. Nxc6 Bxc6 16. Qc2 f5 17. Rad1 Rfe8 18. Rxd8 Rxd8 19. Rd1 Bf6 20. Rxd8+ Qxd8 21. Qd3 Qd5 22. f3 Qxd3 23. Bxd3 Bd5 24. Kf2 Bxb3 25. axb3 Kf8 26. Ke3 Ke7 27. b4 Be5 28. h3 h6 29. Bc4 f6 30. Bd5 b6 31. Kd3 Kd6 32. Bf7 g5 33. Bg6 f4 34. Kc4 Kc6 35. Be4+ Kd6 36. Kb5 Kc7 37. Ka6 Kb8 38. Bg6 Bd6 39. Bf7 Be5 40. Kb5 Kc7 41. Ka6 Kb8 42. Kb5 Bd6 1/2-1/2

[Event "Vaduz ESNA 4th"]
[Site "Vaduz"]
[Date "2022.10.01"]
[Round "9"]
[White "Kirby, Peter J"]
[Black "Mizzi, Jack"]
[Result "1/2-1/2"]
[WhiteElo "2011"]
[BlackElo "1863"]
[PlyCount "51"]
[EventDate "2022.09.25"]
[EventType "tourn"]
[EventRounds "9"]
[EventCountry "LIE"]
[SourceTitle "CBM 210 Extra"]
[Source "ChessBase"]
[SourceDate "2022.11.30"]
[SourceVersion "1"]
[SourceVersionDate "2022.11.30"]
[SourceQuality "1"]

1. d4 Nf6 2. c4 e6 3. Nc3 d5 4. cxd5 exd5 5. Bg5 c6 6. e3 h6 7. Bf4 Bd6 8. Bg3 0-0 9. Bd3 Re8 10. Nge2 Bxg3 11. Nxg3 Nbd7 12. 0-0 Nf8 13. h3 Qd6 14. Nf5 Bxf5 15. Bxf5 g6 16. Bc2 Kg7 17. a3 h5 18. Qd3 Re7 19. Rae1 Rae8 20. Na4 Ne4 21. b4 b6 22. Nc3 Nd7 23. Nxe4 dxe4 24. Qc3 Nf6 25. Bb3 Nd5 26. Bxd5 1/2-1/2

[Event "GBR-ch Seniors 50 108th"]
[Site "Torquay"]
[Date "2022.08.11"]
[Round "5"]
[White "Kirby, Peter J"]
[Black "Wilson, Edgar"]
[Result "1-0"]
[WhiteElo "2000"]
[BlackElo "1854"]
[PlyCount "91"]
[EventDate "2022.08.08"]
[EventType "swiss"]
[EventRounds "7"]
[EventCountry "ENG"]
[SourceTitle "EXT 2024"]
[Source "ChessBase"]
[SourceDate "2023.10.10"]
[SourceVersion "1"]
[SourceVersionDate "2023.10.10"]
[SourceQuality "1"]

1. d4 d5 2. Nf3 Nf6 3. c4 e6 4. g3 Be7 5. Bg2 0-0 6. 0-0 b6 7. cxd5 exd5 8. Nc3 Bb7 9. Ne5 Na6 10. Bf4 c5 11. dxc5 Nxc5 12. Rc1 Re8 13. Nd3 Rc8 14. Be5 Nfe4 15. Nxc5 Bxc5 16. Nxe4 Rxe5 17. Nc3 Ba6 18. Bf3 Qe8 19. Rc2 Rd8 20. Rd2 d4 21. a3 Rc8 22. Nb1 g6 23. Re1 d3 24. e3 Bd4 25. Rf1 Bc5 26. Qb3 Bf8 27. Nc3 Bc4 28. Qd1 Bg7 29. Qa4 b5 30. Qxa7 Re7 31. Qb6 Rb8 32. Qc6 Qxc6 33. Bxc6 b4 34. Nd5 Re6 35. Nxb4 Rxb4 36. axb4 Rxc6 37. Rc1 Bb5 38. Rxc6 Bxc6 39. Rxd3 Kf8 40. Rd6 Ba4 41. Ra6 Bb3 42. b5 Ke7 43. b6 Be5 44. b7 Bd5 45. Ra8 Bxb7 46. Ra7 1-0

[Event "GBR-ch Seniors 50 108th"]
[Site "Torquay"]
[Date "2022.08.10"]
[Round "3"]
[White "Kirby, Peter J"]
[Black "Mason, Donald"]
[Result "1/2-1/2"]
[WhiteElo "2000"]
[BlackElo "2104"]
[PlyCount "64"]
[EventDate "2022.08.08"]
[EventType "swiss"]
[EventRounds "7"]
[EventCountry "ENG"]
[SourceTitle "EXT 2024"]
[Source "ChessBase"]
[SourceDate "2023.10.10"]
[SourceVersion "1"]
[SourceVersionDate "2023.10.10"]
[SourceQuality "1"]

1. Nf3 Nf6 2. c4 g6 3. Nc3 Bg7 4. e4 d6 5. d4 0-0 6. h3 e5 7. d5 a5 8. Be3 Na6 9. g4 Nc5 10. Nd2 Bd7 11. Be2 c6 12. h4 a4 13. g5 Ne8 14. b4 axb3 15. axb3 Rxa1 16. Qxa1 Nc7 17. b4 N5a6 18. Qa5 c5 19. bxc5 Nxc5 20. 0-0 f6 21. Qb6 Bh3 22. Rb1 fxg5 23. hxg5 Rf4 24. Nf3 Qd7 25. Kh2 Qg4 26. Rg1 Qh5 27. Rg3 Bf1+ 28. Kg1 Bxe2 29. Nxe2 Rxf3 30. Bxc5 dxc5 31. Qxc7 Bf8 32. Qxe5 Rxg3+ 1/2-1/2

[Event "EU Small Countries ol 7th"]
[Site "Sliema"]
[Date "2021.12.04"]
[Round "9.1"]
[White "Kirby, Peter J"]
[Black "Ziska, Helgi Dam"]
[Result "0-1"]
[WhiteElo "2001"]
[BlackElo "2541"]
[PlyCount "98"]
[EventDate "2021.11.28"]
[EventType "team-tourn"]
[EventRounds "9"]
[EventCountry "MLT"]
[SourceTitle "EXT 2023"]
[Source "ChessBase"]
[SourceDate "2022.10.05"]
[SourceVersion "1"]
[SourceVersionDate "2022.10.05"]
[SourceQuality "1"]
[WhiteTeam "Guernsey"]
[BlackTeam "Faroe Islands"]
[WhiteTeamCountry "GCI"]
[BlackTeamCountry "FAI"]

1. Nf3 Nf6 2. c4 g6 3. Nc3 Bg7 4. e4 d6 5. d4 0-0 6. Be2 Nbd7 7. 0-0 e5 8. Re1 c6 9. Be3 h6 10. h3 exd4 11. Bxd4 Re8 12. Bf1 Qc7 13. Qc2 a6 14. Rac1 b6 15. Bd3 Bb7 16. Be3 Rad8 17. Bf4 Nh5 18. Bh2 Nc5 19. Rcd1 b5 20. b4 Nxd3 21. Qxd3 Qe7 22. Re3 Be5 23. cxb5 axb5 24. Nxe5 dxe5 25. Qc2 Rxd1+ 26. Qxd1 Qxb4 27. Qd7 Re7 28. Qd8+ Kg7 29. g4 Nf4 30. Rf3 g5 31. h4 f6 32. Bxf4 exf4 33. Rd3 Rf7 34. Rd7 Qf8 35. hxg5 hxg5 36. Rxf7+ Kxf7 37. Qd4 Bc8 38. f3 Qe7 39. Kf2 Qe5 40. Qa7+ Kg6 41. Ne2 Be6 42. Nd4 Bf7 43. a3 c5 44. Nf5 b4 45. axb4 cxb4 46. Qa8 Qb2+ 47. Kg1 Qb1+ 48. Kg2 Qa2+ 49. Qxa2 Bxa2 0-1

[Event "EU Small Countries ol 7th"]
[Site "Sliema"]
[Date "2021.11.28"]
[Round "1.5"]
[White "Kirby, Peter J"]
[Black "Berend, Elvira S"]
[Result "0-1"]
[WhiteElo "2001"]
[BlackElo "2328"]
[PlyCount "74"]
[EventDate "2021.11.28"]
[EventType "team-tourn"]
[EventRounds "9"]
[EventCountry "MLT"]
[SourceTitle "CBM 205 Extra"]
[Source "ChessBase"]
[SourceDate "2022.01.31"]
[SourceVersion "1"]
[SourceVersionDate "2022.01.31"]
[SourceQuality "1"]
[WhiteTeam "Guernsey"]
[BlackTeam "Luxembourg"]
[WhiteTeamCountry "GCI"]
[BlackTeamCountry "LUX"]

1. Nf3 Nf6 2. c4 d6 3. d4 Nbd7 4. Nc3 e5 5. e4 Be7 6. Be2 0-0 7. 0-0 c6 8. Re1 Re8 9. Bf1 Bf8 10. a4 a5 11. b3 Qc7 12. Ba3 Nb8 13. h3 Na6 14. d5 Bd7 15. Qd2 Rad8 16. Rad1 Bc8 17. g3 Qb6 18. Rb1 Nd7 19. Na2 Ndc5 20. Qc2 Qa7 21. Nc3 g6 22. Nd2 Bh6 23. Bg2 Rf8 24. Kh2 f5 25. Rf1 Qb6 26. Bc1 Nb4 27. Qd1 Ncd3 28. Qe2 Nxc1 29. Rbxc1 Qc5 30. Rcd1 Rf6 31. Ndb1 f4 32. g4 f3 33. Bxf3 Rdf8 34. Bg2 Rxf2 35. Rxf2 Rxf2 36. Qe1 Nc2 37. Qg1 Ne3 0-1

[Event "Guernsey op 45th"]
[Site "Vale"]
[Date "2019.10.22"]
[Round "3"]
[White "Kirby, Peter J"]
[Black "Van Dijk, Bram"]
[Result "0-1"]
[WhiteElo "2004"]
[BlackElo "1982"]
[PlyCount "82"]
[EventDate "2019.10.20"]
[EventType "swiss"]
[EventRounds "7"]
[EventCountry "GCI"]
[SourceTitle "EXT 2021"]
[Source "ChessBase"]
[SourceDate "2020.10.23"]
[SourceVersion "1"]
[SourceVersionDate "2020.10.23"]
[SourceQuality "1"]

1. Nf3 g6 2. c4 Bg7 3. Nc3 c5 4. g3 Nc6 5. Bg2 d6 6. 0-0 e5 7. a3 Be6 8. d3 h6 9. Rb1 Nge7 10. b4 Qd7 11. Qa4 0-0 12. bxc5 dxc5 13. Bd2 Rad8 14. Ne1 b6 15. Nc2 f5 16. Rbd1 f4 17. Qb5 Bg4 18. f3 Be6 19. Ne4 Kh8 20. Rb1 Nf5 21. Bc3 g5 22. a4 Nfd4 23. Nxd4 exd4 24. Bd2 Qc7 25. Be1 Be5 26. Kh1 Bd7 27. Qb2 Ne7 28. a5 Rb8 29. Qa2 Nf5 30. axb6 axb6 31. g4 Ne3 32. Rg1 Bc6 33. Bd2 Bxe4 34. Bxe3 fxe3 35. fxe4 Bxh2 36. Rgf1 Qg3 37. Rf3 Rxf3 38. Bxf3 Qh4 39. Rg1 Bg3+ 40. Kg2 Qh2+ 41. Kf1 Qf2# 0-1

[Event "Guernsey op 45th"]
[Site "Vale"]
[Date "2019.10.21"]
[Round "2"]
[White "Taylor, Mark V"]
[Black "Kirby, Peter J"]
[Result "1/2-1/2"]
[WhiteElo "1921"]
[BlackElo "2004"]
[PlyCount "81"]
[EventDate "2019.10.20"]
[EventType "swiss"]
[EventRounds "7"]
[EventCountry "GCI"]
[SourceTitle "EXT 2021"]
[Source "ChessBase"]
[SourceDate "2020.10.23"]
[SourceVersion "1"]
[SourceVersionDate "2020.10.23"]
[SourceQuality "1"]

1. d4 Nf6 2. c4 g6 3. Nc3 Bg7 4. e4 d6 5. Nf3 0-0 6. h3 e5 7. d5 a5 8. Bg5 h6 9. Be3 Na6 10. Be2 Nd7 11. g4 Nb6 12. Nd2 Nc5 13. Qc2 a4 14. a3 c6 15. 0-0-0 cxd5 16. cxd5 Bd7 17. Kb1 Rc8 18. Rdg1 Kh7 19. h4 Rh8 20. Qd1 Kg8 21. Qf1 Qc7 22. h5 g5 23. Bb5 Bf6 24. Bxd7 Qxd7 25. Qb5 Qxb5 26. Nxb5 Be7 27. Rc1 Kg7 28. Bxc5 Rxc5 29. Rxc5 dxc5 30. d6 Bf6 31. Rc1 Nd7 32. Nc4 Ra8 33. Ne3 Bd8 34. Nf5+ Kh7 35. f3 Ra5 36. Nc7 Ra7 37. Rd1 b6 38. Nd5 Ra8 39. Nc7 Ra7 40. Nd5 Ra8 41. Nc7 1/2-1/2

[Event "Guernsey op 45th"]
[Site "Vale"]
[Date "2019.10.20"]
[Round "1"]
[White "Kirby, Peter J"]
[Black "Hebden, Mark"]
[Result "0-1"]
[WhiteElo "2004"]
[BlackElo "2427"]
[PlyCount "98"]
[EventDate "2019.10.20"]
[EventType "swiss"]
[EventRounds "7"]
[EventCountry "GCI"]
[SourceTitle "EXT 2021"]
[Source "ChessBase"]
[SourceDate "2020.10.23"]
[SourceVersion "1"]
[SourceVersionDate "2020.10.23"]
[SourceQuality "1"]

1. Nf3 Nf6 2. c4 g6 3. Nc3 Bg7 4. e4 d6 5. d4 0-0 6. Be2 e5 7. dxe5 dxe5 8. Qxd8 Rxd8 9. Bg5 Nbd7 10. 0-0-0 Rf8 11. Nd5 c6 12. Ne7+ Kh8 13. Be3 b6 14. Nxc8 Rfxc8 15. g4 Rc7 16. Nd2 Bf8 17. g5 Ne8 18. Bg4 Nc5 19. f3 h5 20. gxh6 Nf6 21. h3 Kh7 22. Nb3 Nxb3+ 23. axb3 Bxh6 24. Rhe1 Rh8 25. Kc2 Bxe3 26. Rxe3 Kg7 27. Red3 c5 28. Kc3 a5 29. Rd8 Rh4 30. Rb8 Nxg4 31. hxg4 Rh3 32. Rxb6 Rxf3+ 33. Rd3 Rf4 34. Re3 Rxg4 35. Rb5 Rg2 36. Rxa5 Kf6 37. Rf3+ Kg5 38. b4 cxb4+ 39. Kxb4 Rxb2+ 40. Ka3 Rc2 41. Rxe5+ Kg4 42. Rf6 R2xc4 43. Kb3 R4c6 44. Rf1 Rb7+ 45. Ka4 Ra6+ 46. Ra5 Rxa5+ 47. Kxa5 f5 48. exf5 gxf5 49. Ka6 Rb2 0-1

[Event "Paignton op"]
[Site "Paignton"]
[Date "2019.09.07"]
[Round "9"]
[White "Kirby, Peter J"]
[Black "Crickmore, Neil EG"]
[Result "0-1"]
[WhiteElo "1988"]
[BlackElo "2187"]
[PlyCount "72"]
[EventDate "2019.08.31"]
[EventType "swiss"]
[EventRounds "9"]
[EventCountry "ENG"]
[SourceTitle "EXT 2020"]
[Source "ChessBase"]
[SourceDate "2019.10.17"]
[SourceVersion "1"]
[SourceVersionDate "2019.10.17"]
[SourceQuality "1"]

1. Nf3 c5 2. c4 Nc6 3. d4 cxd4 4. Nxd4 g6 5. e4 Bg7 6. Be3 Nf6 7. Nc3 0-0 8. Be2 d6 9. 0-0 Bd7 10. f3 Re8 11. Qd2 Nxd4 12. Bxd4 Bc6 13. b4 b6 14. Rab1 Rc8 15. Rfc1 Nd7 16. Be3 h5 17. Nd5 Ne5 18. Bg5 Ba8 19. Be3 e6 20. Nf4 Qe7 21. Rc2 d5 22. cxd5 Rxc2 23. Qxc2 exd5 24. Bb5 Rd8 25. Nxd5 Bxd5 26. exd5 Nxf3+ 27. gxf3 Qxe3+ 28. Qf2 Qg5+ 29. Kf1 Rxd5 30. Bc4 Rd2 31. Qg3 Qf5 32. Re1 Bd4 33. Re2 Rd1+ 34. Re1 Rxe1+ 35. Kxe1 Qb1+ 36. Kd2 Qxb4+ 0-1

[Event "Paignton op"]
[Site "Paignton"]
[Date "2019.09.03"]
[Round "5"]
[White "Kirby, Peter J"]
[Black "Spanton, Timothy"]
[Result "1/2-1/2"]
[WhiteElo "1988"]
[BlackElo "1881"]
[PlyCount "113"]
[EventDate "2019.08.31"]
[EventType "swiss"]
[EventRounds "9"]
[EventCountry "ENG"]
[SourceTitle "EXT 2020"]
[Source "ChessBase"]
[SourceDate "2019.10.17"]
[SourceVersion "1"]
[SourceVersionDate "2019.10.17"]
[SourceQuality "1"]

1. d4 d5 2. c4 e6 3. Nc3 Nf6 4. cxd5 exd5 5. Bg5 Be7 6. e3 0-0 7. Bd3 Nbd7 8. Nf3 Re8 9. 0-0 c6 10. Qc2 Nf8 11. h3 Ne4 12. Bxe7 Qxe7 13. Rab1 Bf5 14. Rfe1 Qf6 15. Ne5 Nd6 16. b4 a6 17. a4 Bxd3 18. Qxd3 Ng6 19. Nxg6 hxg6 20. Rb3 Nf5 21. Reb1 Qg5 22. Qd1 Re6 23. Qg4 Qxg4 24. hxg4 Nd6 25. b5 axb5 26. axb5 Nc4 27. Rd1 Ra3 28. Rxa3 Nxa3 29. bxc6 bxc6 30. Ra1 Nc4 31. Ra8+ Kh7 32. Rf8 f6 33. Rc8 Kh6 34. Rc7 f5 35. gxf5 gxf5 36. g3 Kg6 37. Ne2 Kh6 38. Nf4 Rf6 39. Nd3 g5 40. Kf1 Kg6 41. Ke2 Re6 42. Nb4 Na5 43. Nd3 Nc4 44. Ra7 Kf6 45. Ra6 Ke7 46. Nc5 Rd6 47. Ra7+ Kf6 48. Rh7 Kg6 49. Rd7 Rxd7 50. Nxd7 Kf7 51. Nb8 Na5 52. Kd3 Ke6 53. f4 g4 54. Na6 Nc4 55. Nb4 Nd6 56. Na6 Nc4 57. Nc5+ 1/2-1/2

[Event "Olympiad-43"]
[Site "Batumi"]
[Date "2018.09.30"]
[Round "6.86"]
[White "Monteiro, Antonio"]
[Black "Kirby, Peter J"]
[Result "1/2-1/2"]
[WhiteElo "1877"]
[BlackElo "1988"]
[PlyCount "47"]
[EventDate "2018.09.24"]
[EventType "team-swiss"]
[EventRounds "11"]
[EventCountry "GEO"]
[SourceTitle "CBM 187"]
[Source "ChessBase"]
[SourceDate "2018.12.11"]
[SourceVersion "1"]
[SourceVersionDate "2018.12.11"]
[SourceQuality "1"]
[WhiteTeam "Kap Verde"]
[BlackTeam "Guernsey"]
[WhiteTeamCountry "KAP"]
[BlackTeamCountry "GCI"]

1. d4 Nf6 2. c4 g6 3. Nc3 Bg7 4. e4 d6 5. f3 0-0 6. Be3 c6 7. Qd2 a6 8. a4 a5 9. Nge2 Na6 10. h4 h5 11. Bh6 Nb4 12. Bxg7 Kxg7 13. Ng3 Qb6 14. Nge2 Qc7 15. Rc1 e5 16. d5 Nd7 17. Ng3 Nc5 18. Nxh5+ gxh5 19. Qg5+ Kh7 20. Qxh5+ Kg7 21. Qg5+ Kh7 22. Qh5+ Kg7 23. Qg5+ Kh7 24. Qh5+ 1/2-1/2

[Event "Olympiad-43"]
[Site "Batumi"]
[Date "2018.09.28"]
[Round "5.75"]
[White "Alharari, Mohammed Alsouri"]
[Black "Kirby, Peter J"]
[Result "1/2-1/2"]
[WhiteElo "2038"]
[BlackElo "1988"]
[PlyCount "66"]
[EventDate "2018.09.24"]
[EventType "team-swiss"]
[EventRounds "11"]
[EventCountry "GEO"]
[SourceTitle "CBM 187"]
[Source "ChessBase"]
[SourceDate "2018.12.11"]
[SourceVersion "1"]
[SourceVersionDate "2018.12.11"]
[SourceQuality "1"]
[WhiteTeam "Libya"]
[BlackTeam "Guernsey"]
[WhiteTeamCountry "LBY"]
[BlackTeamCountry "GCI"]

1. d4 Nf6 2. Nf3 g6 3. Bf4 Bg7 4. e3 0-0 5. Be2 d6 6. 0-0 c5 7. c3 b6 8. Nbd2 Bb7 9. Qc2 Nbd7 10. h3 Rc8 11. Rfd1 cxd4 12. exd4 Qc7 13. Bh2 Qd8 14. Re1 Re8 15. Bd3 d5 16. Ne5 e6 17. Ndf3 a6 18. Qe2 Ra8 19. Qe3 Ne4 20. Bxe4 dxe4 21. Nd2 f5 22. Nxd7 Qxd7 23. Nc4 Qc6 24. Nd6 Red8 25. Nxb7 Qxb7 26. Bf4 Re8 27. Red1 Rac8 28. Rd2 Qc6 29. Qe2 Qb7 30. Rad1 Rcd8 31. Bg5 Rd7 32. Qe3 Qd5 33. Ra1 Rc8 1/2-1/2

[Event "Olympiad-43"]
[Site "Batumi"]
[Date "2018.09.24"]
[Round "1.58"]
[White "Bellahcene, Bilel"]
[Black "Kirby, Peter J"]
[Result "1-0"]
[WhiteElo "2501"]
[BlackElo "1988"]
[PlyCount "73"]
[EventDate "2018.09.24"]
[EventType "team-swiss"]
[EventRounds "11"]
[EventCountry "GEO"]
[SourceTitle "CBM 187"]
[Source "ChessBase"]
[SourceDate "2018.12.11"]
[SourceVersion "1"]
[SourceVersionDate "2018.12.11"]
[SourceQuality "1"]
[WhiteTeam "Algeria"]
[BlackTeam "Guernsey"]
[WhiteTeamCountry "ALG"]
[BlackTeamCountry "GCI"]

1. d4 Nf6 2. c4 g6 3. Nc3 Bg7 4. e4 d6 5. h3 0-0 6. Nf3 e5 7. d5 a5 8. Be3 Na6 9. g4 Bd7 10. Nd2 c6 11. Be2 cxd5 12. cxd5 Nc5 13. g5 Ne8 14. h4 f5 15. h5 f4 16. Bxc5 dxc5 17. hxg6 hxg6 18. Nc4 f3 19. Bf1 b5 20. d6 Bc6 21. Nxb5 Bxe4 22. Bh3 Bc6 23. d7 Bxb5 24. Be6+ Rf7 25. Qxf3 Qxd7 26. Bxd7 Rxf3 27. Bxb5 Rf5 28. Bxe8 Rxe8 29. Nd6 Rb8 30. Nxf5 gxf5 31. Rc1 Rxb2 32. 0-0 Rxa2 33. Rxc5 a4 34. Rd1 Kf7 35. Rc7+ Kg8 36. Rd8+ Kh7 37. Rdd7 1-0

[Event "EU Small Countries ol 5th"]
[Site "Andorra"]
[Date "2017.11.13"]
[Round "2.4"]
[White "Kirby, Peter J"]
[Black "Efimov, Igor"]
[Result "0-1"]
[WhiteElo "1987"]
[BlackElo "2397"]
[PlyCount "48"]
[EventDate "2017.11.12"]
[EventType "team-tourn"]
[EventRounds "9"]
[EventCountry "AND"]
[SourceTitle "CBM 181 Extra"]
[Source "ChessBase"]
[SourceDate "2017.12.12"]
[SourceVersion "1"]
[SourceVersionDate "2017.12.12"]
[SourceQuality "1"]
[WhiteTeam "Guernsey"]
[BlackTeam "Monaco"]
[WhiteTeamCountry "GCI"]
[BlackTeamCountry "MNC"]

1. Nf3 Nf6 2. c4 c6 3. d4 d6 4. Nc3 Bg4 5. g3 Bxf3 6. exf3 Nbd7 7. Bg2 e6 8. 0-0 d5 9. b3 Qa5 10. Bd2 Qa6 11. cxd5 cxd5 12. Qe2 Qxe2 13. Nxe2 Ba3 14. Bc1 Bxc1 15. Rfxc1 Ke7 16. Rc2 Ne8 17. Kf1 Nd6 18. Ke1 a5 19. a4 Nb8 20. Kd2 Nc6 21. Rb1 Ra6 22. h4 h5 23. Bh3 Rb6 24. Ke3 Nc4+ 0-1

[Event "Guernsey op 43rd"]
[Site "Vale"]
[Date "2017.10.18"]
[Round "4"]
[White "Kirby, Peter J"]
[Black "Ingham, H William"]
[Result "1/2-1/2"]
[WhiteElo "1996"]
[BlackElo "1817"]
[PlyCount "87"]
[EventDate "2017.10.15"]
[EventType "swiss"]
[EventRounds "7"]
[EventCountry "GCI"]
[SourceTitle "CBM 181 Extra"]
[Source "ChessBase"]
[SourceDate "2017.12.12"]
[SourceVersion "1"]
[SourceVersionDate "2017.12.12"]
[SourceQuality "1"]

1. e4 d5 2. exd5 Nf6 3. Bb5+ Bd7 4. Be2 Nxd5 5. d4 Nc6 6. Nf3 Bg4 7. 0-0 e6 8. h3 Bf5 9. a3 Be7 10. c4 Nb6 11. Nc3 0-0 12. Be3 Bf6 13. Bd3 Bxd3 14. Qxd3 e5 15. d5 Ne7 16. Rfd1 Ng6 17. c5 Nd7 18. Ne4 Be7 19. d6 cxd6 20. Nxd6 Bxd6 21. Qxd6 Nf6 22. c6 Qxd6 23. Rxd6 bxc6 24. Rxc6 a5 25. Bc5 Rfc8 26. Rxc8+ Rxc8 27. b4 Ne4 28. Rc1 axb4 29. axb4 Nxc5 30. Rxc5 Rxc5 31. bxc5 Kf8 32. Ng5 f6 33. Ne4 Ne7 34. Kf1 Ke8 35. Ke2 Kd7 36. Kd3 Kc6 37. Kc4 Nd5 38. g3 Nc7 39. g4 Ne6 40. h4 Nf4 41. Nd6 Nh3 42. Ne4 Nf4 43. Nd6 Nh3 44. Ne4 1/2-1/2